| 000 | 00636nam a2200241 a 4500 | ||
|---|---|---|---|
| 005 | 20140310183236.0 | ||
| 008 | 040618s19uu xx 00 eng d | ||
| 020 | _a971233791x | ||
| 050 |
_aKPM 810 _b.D45 2003 |
||
| 100 | _aDe Leon, Hector S. | ||
| 245 |
_aThe law on obligations and contracts / _cHector S. De Leon |
||
| 250 | _a2003 | ||
| 260 |
_aManila, Philippines : _bRex Bookstore, _c2003. |
||
| 300 |
_a457 p. : _c22 cm. |
||
| 521 | _aBSBA | ||
| 650 | _aLaws and contracts. | ||
| 650 |
_aPhilippine _xContracts. |
||
| 942 |
_cBK _2lcc _kLOC |
||
| 999 |
_c20560 _d20560 |
||